000
00304nam a2200121Ia 4500
008
190216s9999||||xx |||||||||||||| ||und||
100
_a
Ernest L Eliel
245
0
_a
Stereo Chemistry Of Carbon Compunds
260
_b
Tata Mcgrawhill Publishers
_c
1958
300
_a
486p
650
_a
Chemistry
942
_c
BK
999
_c
2051
_d
2051